Macroeconomics: Understanding the Global Economy. (Record no. 709)
[ view plain ]
| 005 - DATE AND TIME OF LATEST TRANSACTION | |
|---|---|
| control field | 20250315102611.0 |
| 020 ## - INTERNATIONAL STANDARD BOOK NUMBER | |
| International Standard Book Number | 978-1-119-99571-5 |
| 082 ## - DEWEY DECIMAL CLASSIFICATION NUMBER | |
| Classification number | 339 MIL |
| 100 ## - MAIN ENTRY--PERSONAL NAME | |
| Author name | MILES, D. |
| 245 ## - TITLE STATEMENT | |
| Title | Macroeconomics: Understanding the Global Economy. |
| 250 ## - EDITION STATEMENT | |
| Edition statement | 3rd Ed. |
| 260 ## - PUBLICATION, DISTRIBUTION, ETC. | |
| Name of publisher, distributor, etc. | John Wiley & Sons LTD, |
| Date of publication, distribution, etc. | 2012. |
| Place of publication, distribution, etc. | Southern Gate, |
| 300 ## - PHYSICAL DESCRIPTION | |
| Extent | xix, 597p.: ill.; figure, table |
| Other physical details | Glossary, Index |
| Dimensions | 24cm |
| 700 ## - ADDED ENTRY--PERSONAL NAME | |
| Other authors/Editors | SCOTT, A. & BREEDON, F. |
| 856 ## - ELECTRONIC LOCATION AND ACCESS | |
| Link text | Access online Book |
| Electronic name | Macroeconomics |
| Path | www.wiley.com |
| 942 ## - ADDED ENTRY ELEMENTS (KOHA) | |
| Source of classification or shelving scheme | Dewey Decimal Classification |
| Koha item type | Books |
| Date last seen | Total checkouts | Full call number | Barcode | Cost, replacement price | Price effective from | Koha item type | Lost status | Source of classification or shelving scheme | Damaged status | Not for loan | Withdrawn status | Home library | Current library | Shelving location | Date acquired | Cost, normal purchase price |
|---|---|---|---|---|---|---|---|---|---|---|---|---|---|---|---|---|
| 03/15/2025 | 339 MIL | 0000002791 | 156000.00 | 03/15/2025 | Books | Dewey Decimal Classification | College of Business Education Main Library | College of Business Education Main Library | General Collection | 03/15/2025 | 52000.00 |
